<?xml version="1.0" encoding="UTF-8"?>
<collection xmlns="http://www.loc.gov/MARC21/slim">
 <record>
  <leader>03055nam a2200361 a 4500</leader>
  <controlfield tag="001">37096</controlfield>
  <controlfield tag="003">BD-DhAAL</controlfield>
  <controlfield tag="005">20200220122414.0</controlfield>
  <controlfield tag="008">200220t2010    nyua          001 0 eng d</controlfield>
  <datafield tag="999" ind1=" " ind2=" ">
   <subfield code="c">42003</subfield>
   <subfield code="d">42003</subfield>
  </datafield>
  <datafield tag="010" ind1=" " ind2=" ">
   <subfield code="a">  2009039353</subfield>
  </datafield>
  <datafield tag="020" ind1=" " ind2=" ">
   <subfield code="a">9780521875349 (hardback)</subfield>
  </datafield>
  <datafield tag="020" ind1=" " ind2=" ">
   <subfield code="a">052187534X (hardback)</subfield>
  </datafield>
  <datafield tag="035" ind1=" " ind2=" ">
   <subfield code="a">(OCoLC)ocn449825471</subfield>
  </datafield>
  <datafield tag="040" ind1=" " ind2=" ">
   <subfield code="a">DLC</subfield>
   <subfield code="b">eng</subfield>
   <subfield code="c">DLC</subfield>
   <subfield code="d">YDX</subfield>
   <subfield code="d">BTCTA</subfield>
   <subfield code="d">YDXCP</subfield>
   <subfield code="d">BWX</subfield>
   <subfield code="d">DEBBG</subfield>
   <subfield code="d">CDX</subfield>
   <subfield code="d">HEBIS</subfield>
   <subfield code="d">OCL</subfield>
   <subfield code="d">UBY</subfield>
   <subfield code="d">SBM</subfield>
   <subfield code="d">DLC</subfield>
   <subfield code="d">BD-DhAAL</subfield>
  </datafield>
  <datafield tag="050" ind1="0" ind2="0">
   <subfield code="a">QC174.12</subfield>
   <subfield code="b">.S385 2010</subfield>
  </datafield>
  <datafield tag="082" ind1="0" ind2="0">
   <subfield code="a">530.12</subfield>
   <subfield code="2">22</subfield>
  </datafield>
  <datafield tag="100" ind1="1" ind2=" ">
   <subfield code="a">Schumacher, Benjamin.</subfield>
   <subfield code="9">39398</subfield>
  </datafield>
  <datafield tag="245" ind1="1" ind2="0">
   <subfield code="a">Quantum processes, systems, and information /</subfield>
   <subfield code="c">Benjamin Schumacher, Michael D. Westmoreland.</subfield>
  </datafield>
  <datafield tag="260" ind1=" " ind2=" ">
   <subfield code="a">New York :</subfield>
   <subfield code="b">Cambridge University Press,</subfield>
   <subfield code="c">2010.</subfield>
  </datafield>
  <datafield tag="300" ind1=" " ind2=" ">
   <subfield code="a">xi, 469 pages :</subfield>
   <subfield code="b">illustrations ;</subfield>
   <subfield code="c">26 cm.</subfield>
  </datafield>
  <datafield tag="500" ind1=" " ind2=" ">
   <subfield code="a">Includes index.</subfield>
  </datafield>
  <datafield tag="505" ind1="0" ind2=" ">
   <subfield code="a">1. Bits and quanta -- 2. Qubits -- 3. States and observables -- 4. Distinguishability and information -- 5. Quantum dynamics -- 6. Entanglement -- 7. Information and ebits -- 8. Density operators -- 9. Open systems -- 10. A particle in space -- 11. Dynamics of a free particle -- 12. Spin and rotation -- 13. Ladder systems -- 14. Many particles -- 15. Stationary states in 1-D -- 16. Bound states in 3-D -- 17. Perturbation theory -- 18. Quantum information processing -- 19. Classical and quantum entropy -- 20. Error correction -- Appendixes - Index.</subfield>
  </datafield>
  <datafield tag="520" ind1=" " ind2=" ">
   <subfield code="a">&quot;A new and exciting approach to the basics of quantum theory, this undergraduate textbook contains extensive discussions of conceptual puzzles and over 800 exercises and problems. Beginning with three elementary 'qubit' systems, the book develops the formalism of quantum theory, addresses questions of measurement and distinguishability, and explores the dynamics of quantum systems. In addition to the standard topics covered in other textbooks, it also covers communication and measurement, quantum entanglement, entropy and thermodynamics, and quantum information processing. This textbook gives a broad view of quantum theory by emphasizing dynamical evolution, and exploring conceptual and foundational issues. It focuses on contemporary topics, including measurement, time evolution, open systems, quantum entanglement, and the role of information&quot;--Provided by publisher.</subfield>
  </datafield>
  <datafield tag="520" ind1=" " ind2=" ">
   <subfield code="a">&quot;This textbook gives a broad view of quantum theory by emphasizing dynamical evolution, and exploring conceptual and foundational issues. It focuses on contemporary topics, including measurement, time evolution, open systems, quantum entanglement, and the role of information&quot;--Provided by publisher.</subfield>
  </datafield>
  <datafield tag="526" ind1=" " ind2=" ">
   <subfield code="a">CSE</subfield>
  </datafield>
  <datafield tag="541" ind1=" " ind2=" ">
   <subfield code="a">Trim Education</subfield>
   <subfield code="e">37096</subfield>
  </datafield>
  <datafield tag="650" ind1=" " ind2="0">
   <subfield code="a">Quantum theory</subfield>
   <subfield code="v">Textbooks.</subfield>
   <subfield code="9">39399</subfield>
  </datafield>
  <datafield tag="650" ind1=" " ind2="0">
   <subfield code="a">Computer science.</subfield>
   <subfield code="9">39400</subfield>
  </datafield>
  <datafield tag="700" ind1="1" ind2=" ">
   <subfield code="a">Westmoreland, Michael D.</subfield>
   <subfield code="9">39401</subfield>
  </datafield>
  <datafield tag="852" ind1=" " ind2=" ">
   <subfield code="a">Ayesha Abed Library</subfield>
   <subfield code="c">General Stacks</subfield>
  </datafield>
  <datafield tag="942" ind1=" " ind2=" ">
   <subfield code="2">ddc</subfield>
   <subfield code="c">BK</subfield>
  </datafield>
  <datafield tag="952" ind1=" " ind2=" ">
   <subfield code="0">0</subfield>
   <subfield code="1">0</subfield>
   <subfield code="2">ddc</subfield>
   <subfield code="4">0</subfield>
   <subfield code="6">530_120000000000000_SCH</subfield>
   <subfield code="7">0</subfield>
   <subfield code="9">67967</subfield>
   <subfield code="a">BRACUL</subfield>
   <subfield code="b">BRACUL</subfield>
   <subfield code="c">GEN</subfield>
   <subfield code="d">2020-02-11</subfield>
   <subfield code="e">Trim Education</subfield>
   <subfield code="g">5225.00</subfield>
   <subfield code="l">8</subfield>
   <subfield code="m">112</subfield>
   <subfield code="o">530.12 SCH</subfield>
   <subfield code="p">3010037096</subfield>
   <subfield code="r">2026-04-07</subfield>
   <subfield code="s">2026-01-27</subfield>
   <subfield code="t">1</subfield>
   <subfield code="v">5225.00</subfield>
   <subfield code="w">2020-02-11</subfield>
   <subfield code="y">BK</subfield>
  </datafield>
 </record>
</collection>
